000 00400nam a2200181Ia 4500
001 311
005 20260306140508.0
008 260306t2023||||xx |||||||||||||| ||spa||
041 _aESP
082 _a100
_bA66
100 _aArana, Juan,
_eAUT
245 0 _aFilosofía natural
260 _c2023
300 _a476 páginas :
_c22 cm.
650 _aGEN
654 _aCHU
942 _cLIB
_dJUS
_fJUS
_2ddc
_n
999 _c311
_d311